| 000 | 00812nam a2200229 a 4500 | ||
|---|---|---|---|
| 001 | 000025622 | ||
| 005 | 20200930023926.0 | ||
| 008 | 110216s1987 sp r 000 | spa d | ||
| 020 | _a8424912357 | ||
| 040 |
_aDO-SdBNP _bspa _cBNPHU |
||
| 082 |
_axxx _bT355m |
||
| 245 | 1 | 0 |
_aTextos de magia en papiros griegos / _cintroducción, traducción y notas José Luis Calvo Martínez y Ma. Dolores Sánchez Romero. |
| 260 |
_aMadrid : _bGredos, _c1987. |
||
| 300 |
_a430 p. ; _c20 cm. |
||
| 490 | 1 |
_aBiblioteca Clásica Gredos _v105 |
|
| 500 | _aIncluye notas al pie de páginas | ||
| 500 | _aÍndice de nombres : p. 413-426 | ||
| 700 | 1 |
_aCalvo Martínez, José Luis, _eintrod. _952317 |
|
| 700 | 1 |
_aSánchez Romero, Dolores , _eintrod. _952318 |
|
| 830 | 0 |
_aBiblioteca Clásica Gredos, _v105 _98642 |
|
| 049 | _aBNGR | ||
| 999 |
_c25114 _d25114 |
||